Teória vyučovania hospodárskeho plánovania /
Uložené v:
| Hlavný autor: | |
|---|---|
| Médium: | Kniha |
| Jazyk: | Slovak |
| Vydané: |
Bratislava :
Vysoká škola ekonomická,
1980.
|
| Vydanie: | 1. vydanie |
| Edícia: | Vysokoškolské skriptá
|
| Fyzický popis: |
178 strán. |
| Tagy: |
Pridať tag
Žiadne tagy, Buďte prvý kto otaguje tento záznam!
|
Titul je dostupný aj v ... 

MARC
| LEADER | 00000nam a22000002i 4500 | ||
|---|---|---|---|
| 001 | 000727770 | ||
| 005 | 20250326081503.0 | ||
| 008 | 250326s1980 xo f p 000 0 slo d | ||
| 020 | |c Kčs 11,00 |q (brožované) | ||
| 040 | |a SVKKK |b slo |c SVKKK |e rda | ||
| 041 | 0 | |a slo | |
| 044 | |a xo |c SK | ||
| 100 | 1 | |a Zelenák, Jozef |4 aut | |
| 245 | 1 | 0 | |a Teória vyučovania hospodárskeho plánovania / |c Jozef Zelenák. |
| 250 | |a 1. vydanie | ||
| 264 | 1 | |a Bratislava : |b Vysoká škola ekonomická, |c 1980. | |
| 300 | |a 178 strán. | ||
| 336 | |a text |b txt |2 rdacontent | ||
| 337 | |a bez média |b n |2 rdamedia | ||
| 338 | |a zväzok |b nc |2 rdacarrier | ||
| 490 | 1 | |a Vysokoškolské skriptá | |
| 500 | |a Záznam revízie | ||
| 500 | |a Nad názvom: Vysoká škola ekonomická v Bratislave, Fakulta národohospodárska | ||
| 504 | |a Obsahuje bibliografiu | ||
| 710 | 2 | |a Vysoká škola ekonomická (Bratislava, Slovensko) |b Fakulta národohospodárska |4 pbl | |
| 810 | 2 | |a Vysoká škola ekonomická (Bratislava, Slovensko) |t Vysokoškolské skriptá | |
| 910 | |a svkkk | ||
| 998 | |a BK | ||
| 090 | |g SCKHL |k Sklad Pribinova 3. posch. |a V.126038 |j 640538 |i 2720964880 |s Absenčne | ||
| 090 | |g SCKHL |k Sklad Pribinova 3. posch. |a V.126039 |j 640539 |i 2720964881 |s Absenčne | ||
| 090 | |g SCKHL |k Sklad Pribinova 3. posch. |a V.126388 |j 642275 |i 2720965107 |s Absenčne | ||